000 01539nam a22002657a 4500
003 Uzh_bibl
008 260507b |||||||| |||| 00| 0 ukr d
020 _a978-966-14-4815-4
_c32.00
040 _bукр.
041 _2ukr
_aukr
080 _a821(477)
090 _a821(477)
_bШ 66
100 _aШкляр, Василь
245 _aКров кажана
_hТекст
260 _aХарків
_bКнижковий Клуб "Клуб Сімейного Дозвілля"
_c2013
300 _a272 с.
_fВ опр.
490 _v2-ге вид.
520 _aТаємнича містика, відверта еротика, божевільна кримінальна історія…<br/><br/>Анастасія ніколи не була вірна своєму чоловіку, а невдовзі після його загадкової смерті отримала приголомшливу звістку: її призначення — народити для світу диявола. Жінка мало не збожеволіла, та її коханець, отець Серафим, обіцяє не допустити до гріха. Але здається, ніби він у змові з нечистою силою…
521 _aДля широкого кола читачів
546 _aукр.
650 _aЛітературно-художнє видання
653 _aТаємниця
_aМістика
_aЕротика
655 _aМістика
_vРоман
942 _2udc
_cBK
999 _c17660
_d17660